| 000 | 00666nam a22001937a 4500 | ||
|---|---|---|---|
| 999 |
_c526059 _d526059 |
||
| 003 | NUST | ||
| 005 | 20190708065911.0 | ||
| 008 | 190708b ||||| |||| 00| 0 eng d | ||
| 020 | _qHardcover. | ||
| 038 | _aMr. Zahoor | ||
| 082 | _a624.1 | ||
| 100 |
_aMarwat, Muhammad Ilyas _917019 |
||
| 245 |
_aComparative Response of Self Consolodating Concrete Using Natural and Bloated Lightweight Shale Aggregate Adding Mineral Admixtures / _cMuhammad Ilyas Marwat |
||
| 260 |
_aIslamabad : _bSCEE - NUST, _c2018. |
||
| 300 |
_ax, 56 p. ; ill. ; _c30cm. |
||
| 650 |
_aStructure Engineering - MS Thesis _917020 |
||
| 700 |
_aDr. Muhammad Usman _917021 |
||
| 942 |
_2ddc _cTHE |
||